[Event "Sherbrooke Perpetuelles 31-35"]
[Site "Sherbrooke CAN"]
[Date "2004.02.20"]
[Round "5"]
[White "Jolin, Fernand"]
[Black "Viens, Nicolas"]
[Result "1-0"]
[WhiteElo "1300"]
[BlackElo "1401"]
[PlyCount "135"]
[GameId "2160767911217382"]
[EventDate "2004.01.??"]
[EventType "swiss"]
[EventRounds "5"]
[EventCountry "CAN"]
[SourceTitle "EXT 2005"]
[Source "ChessBase"]
[SourceDate "2004.11.15"]
[SourceVersion "1"]
[SourceVersionDate "2004.11.15"]
[SourceQuality "1"]

1. Nf3 d5 2. d4 Nc6 3. e3 Nf6 4. g3 Bf5 5. a3 e6 6. Bg2 Be7 7. O-O O-O 8. Nbd2 Bg4 9. Qe1 Re8 10. c4 b6 11. b4 a6 12. c5 bxc5 13. dxc5 Bxf3 14. Bxf3 Ne5 15. Be2 c6 16. Nf3 Nfd7 17. Nxe5 Nxe5 18. Bb2 Ng6 19. Bf3 e5 20. e4 d4 21. Bg4 Bf6 22. Bh5 Qd7 23. Bxg6 hxg6 24. f4 Kh7 25. f5 Bg5 26. Bc1 Bf6 27. g4 Qd8 28. Rf3 Rh8 29. Rh3+ Kg8 30. Rxh8+ Kxh8 31. Qg3 Bh4 32. Qxe5 d3 33. Qd6 Bf6 34. Ra2 Bc3 35. Bd2 Bd4+ 36. Kg2 gxf5 37. Qxd8+ Rxd8 38. gxf5 Kh7 39. Kf3 Be5 40. h4 g6 41. Bg5 f6 42. Be3 gxf5 43. exf5 Rg8 44. Bf4 Bxf4 45. Kxf4 Kh6 46. Rd2 Kh5 47. Rxd3 Kxh4 48. Rd6 Rg4+ 49. Ke3 Kg5 50. Rxc6 Rg3+ 51. Ke4 Rxa3 52. Rd6 Rb3 53. Rd4 Rc3 54. Rd6 Rc4+ 55. Rd4 Rc2 56. Kd5 Kxf5 57. c6 Re2 58. c7 Re8 59. Kc6 Ke5 60. Rd8 Re6+ 61. Kb7 Re7 62. Kb8 Rxc7 63. Kxc7 f5 64. Kb7 f4 65. Kxa6 f3 66. Kb6 Ke4 67. b5 Ke3 68. Rf8 1-0

[Event "Sherbrooke Perpetuelles 31-35"]
[Site "Sherbrooke CAN"]
[Date "2004.02.20"]
[Round "5"]
[White "Lafleur, Sebastien"]
[Black "Morin, Laurent"]
[Result "1-0"]
[WhiteElo "1075"]
[BlackElo "1007"]
[PlyCount "103"]
[GameId "2160767911217384"]
[EventDate "2004.01.??"]
[EventType "swiss"]
[EventRounds "5"]
[EventCountry "CAN"]
[SourceTitle "EXT 2005"]
[Source "ChessBase"]
[SourceDate "2004.11.15"]
[SourceVersion "1"]
[SourceVersionDate "2004.11.15"]
[SourceQuality "1"]

1. d4 d5 2. c4 c6 3. Nc3 Bf5 4. e3 e6 5. Nf3 Bb4 6. Bd2 Bxc3 7. Bxc3 Nf6 8. Bb4 a5 9. Qa4 Na6 10. Bxa5 Nc7 11. Qb4 Qc8 12. Be2 Na6 13. O-O Nxb4 14. Bxb4 b6 15. Rac1 Rb8 16. Rfe1 c5 17. Bc3 Ne4 18. dxc5 Nxc3 19. Rxc3 bxc5 20. b3 O-O 21. Rec1 Rd8 22. cxd5 Rxd5 23. Bc4 Re5 24. Nxe5 Qd8 25. Nc6 Qc7 26. Nxb8 Qxb8 27. Be2 g6 28. Rxc5 Qd6 29. Rc8+ Kg7 30. Rd1 Qa3 31. h4 Qxa2 32. Bc4 Bc2 33. Rd2 Qb1+ 34. Kh2 Bxb3 35. Bxb3 Qxb3 36. Rd7 Qb2 37. f4 Qf6 38. g3 h5 39. Rdd8 Kh7 40. Kg2 Kg7 41. Rg8+ Kh7 42. Rgf8 Kg7 43. Rh8 Qb2+ 44. Kh3 Qb6 45. e4 Kf6 46. Rc2 e5 47. f5 Qb7 48. fxg6 fxg6 49. Rf2+ Kg7 50. Rhf8 Qxe4 51. R2f7+ Kh6 52. Rh8# 1-0

[Event "Sherbrooke Perpetuelles 31-35"]
[Site "Sherbrooke CAN"]
[Date "2004.02.20"]
[Round "5"]
[White "Lopez, Jose"]
[Black "Courteau, Bernard"]
[Result "0-1"]
[WhiteElo "1786"]
[BlackElo "1638"]
[PlyCount "52"]
[GameId "2160767911217385"]
[EventDate "2004.01.??"]
[EventType "swiss"]
[EventRounds "5"]
[EventCountry "CAN"]
[SourceTitle "EXT 2005"]
[Source "ChessBase"]
[SourceDate "2004.11.15"]
[SourceVersion "1"]
[SourceVersionDate "2004.11.15"]
[SourceQuality "1"]

1. e4 c5 2. Nf3 Nc6 3. d4 cxd4 4. Nxd4 Nf6 5. Nc3 d6 6. Be3 Ng4 7. Bc4 Nxe3 8. fxe3 a6 9. O-O Ne5 10. Bxf7+ Nxf7 11. Rxf7 Kxf7 12. Qh5+ g6 13. Rf1+ Kg7 14. Qd5 e5 15. Nf3 Qe7 16. h4 Be6 17. Qd2 h6 18. Qf2 Qd8 19. Qg3 Be7 20. Nxe5 dxe5 21. Qxe5+ Bf6 22. Qxe6 Qe7 23. Qb3 Bxc3 24. Qxc3+ Kh7 25. h5 Rhf8 26. hxg6+ Kxg6 0-1

[Event "Sherbrooke Perpetuelles 31-35"]
[Site "Sherbrooke CAN"]
[Date "2004.02.20"]
[Round "5"]
[White "Vincent, Pascal"]
[Black "Ouellet-Lahaie, Didier"]
[Result "0-1"]
[WhiteElo "1218"]
[BlackElo "1521"]
[PlyCount "70"]
[GameId "2160767911217386"]
[EventDate "2004.01.??"]
[EventType "swiss"]
[EventRounds "5"]
[EventCountry "CAN"]
[SourceTitle "EXT 2005"]
[Source "ChessBase"]
[SourceDate "2004.11.15"]
[SourceVersion "1"]
[SourceVersionDate "2004.11.15"]
[SourceQuality "1"]

1. d4 Nf6 2. c4 e6 3. Nc3 Bb4 4. Nf3 b6 5. Bg5 Bb7 6. Qc2 O-O 7. Nd2 d5 8. a3 Be7 9. e4 dxe4 10. Ndxe4 Bxe4 11. Nxe4 Qxd4 12. Bd3 Na6 13. O-O Nc5 14. Nxf6+ Bxf6 15. Bxh7+ Kh8 16. Bxf6 Qxf6 17. b4 Nb3 18. Qxb3 Kxh7 19. Qh3+ Kg8 20. Rad1 Rfd8 21. Rd3 Rxd3 22. Qxd3 Rd8 23. Qg3 Rd7 24. c5 bxc5 25. bxc5 Qd4 26. Qg5 Rd5 27. Qe7 Qxc5 28. Qe8+ Qf8 29. Qc6 Qd8 30. g3 Rd1 31. h4 Rxf1+ 32. Kxf1 Qd1+ 33. Kg2 Qd5+ 34. Qxd5 exd5 35. Kf3 c5 0-1

[Event "Sherbrooke Perpetuelles 36-40"]
[Site "Sherbrooke CAN"]
[Date "2004.02.27"]
[Round "1"]
[White "Duclos, Alain"]
[Black "Saziouk, Alexandre"]
[Result "0-1"]
[WhiteElo "1875"]
[BlackElo "1790"]
[PlyCount "96"]
[GameId "2160767911192141"]
[EventDate "2004.02.??"]
[EventType "swiss"]
[EventCountry "CAN"]
[SourceTitle "EXT 2005"]
[Source "ChessBase"]
[SourceDate "2004.11.15"]
[SourceVersion "1"]
[SourceVersionDate "2004.11.15"]
[SourceQuality "1"]

1. e4 c5 2. Nf3 Nf6 3. Nc3 d6 4. d4 cxd4 5. Nxd4 Nc6 6. f3 g6 7. Be3 Bg7 8. Bc4 a6 9. Qd2 Qc7 10. Bb3 b5 11. Nxc6 Qxc6 12. O-O-O Be6 13. Bxe6 fxe6 14. Bh6 O-O 15. h4 Rac8 16. Bxg7 Kxg7 17. h5 gxh5 18. Ne2 e5 19. Ng3 Rf7 20. Nf5+ Kh8 21. Rh2 b4 22. Kb1 e6 23. Ng3 Rfc7 24. Rc1 Qb6 25. Nxh5 Nxh5 26. Rxh5 Rg7 27. Qh6 Re8 28. Rch1 Qd8 29. g4 Rf8 30. R1h3 Qf6 31. Qe3 Qe7 32. Qd2 a5 33. g5 Rff7 34. Qg2 Rg6 35. Rg3 Qf8 36. Rh6 Rfg7 37. Qh3 Qf4 38. Rxg6 Rxg6 39. Rg4 Rxg5 40. Rxg5 Qxg5 41. b3 Qg6 42. Qh4 h5 43. Qd8+ Kh7 44. Qxd6 Qg1+ 45. Kb2 Qd4+ 46. Qxd4 exd4 47. f4 h4 48. f5 Kg7 0-1

[Event "Sherbrooke Perpetuelles 36-40"]
[Site "Sherbrooke CAN"]
[Date "2004.02.27"]
[Round "1"]
[White "Jolin, Fernand"]
[Black "Belanger, Jean Sebastien"]
[Result "1-0"]
[WhiteElo "1303"]
[BlackElo "1372"]
[PlyCount "77"]
[GameId "2160767911192142"]
[EventDate "2004.02.??"]
[EventType "swiss"]
[EventCountry "CAN"]
[SourceTitle "EXT 2005"]
[Source "ChessBase"]
[SourceDate "2004.11.15"]
[SourceVersion "1"]
[SourceVersionDate "2004.11.15"]
[SourceQuality "1"]

1. g3 Nf6 2. Bg2 e5 3. e4 Bc5 4. d3 d6 5. Bg5 Bxf2+ 6. Kxf2 Ng4+ 7. Qxg4 f6 8. Bxf6 Qxf6+ 9. Qf3 Qh6 10. Qe3 O-O+ 11. Nf3 Qf6 12. Nbd2 Nc6 13. c3 Bg4 14. Rhf1 Rf7 15. Kg1 Qe6 16. Ng5 Rxf1+ 17. Rxf1 Qxa2 18. h3 Bh5 19. g4 Bg6 20. Nc4 b5 21. Na3 Qxb2 22. Qc1 Qb3 23. Nb1 h6 24. Nf3 a5 25. Nfd2 Qa2 26. Rf2 a4 27. Nc4 Qa1 28. Nca3 Rb8 29. Rb2 Na7 30. Nc2 Qxb2 31. Qxb2 Nc6 32. Nb4 Na5 33. Nd5 Bf7 34. Nxc7 Nb3 35. Na3 Nc5 36. Naxb5 Nxd3 37. Qd2 Bc4 38. Bf1 a3 39. Bxd3 1-0

[Event "Sherbrooke Perpetuelles 36-40"]
[Site "Sherbrooke CAN"]
[Date "2004.02.27"]
[Round "1"]
[White "Lemelin, Marc"]
[Black "Courteau, Bernard"]
[Result "1/2-1/2"]
[WhiteElo "1639"]
[BlackElo "1619"]
[PlyCount "73"]
[GameId "2160767911192144"]
[EventDate "2004.02.??"]
[EventType "swiss"]
[EventCountry "CAN"]
[SourceTitle "EXT 2005"]
[Source "ChessBase"]
[SourceDate "2004.11.15"]
[SourceVersion "1"]
[SourceVersionDate "2004.11.15"]
[SourceQuality "1"]

1. d4 Nf6 2. c4 e6 3. Nc3 Bb4 4. Qc2 d5 5. cxd5 exd5 6. a3 Bxc3+ 7. bxc3 O-O 8. e3 Re8 9. Nf3 Nbd7 10. c4 c6 11. cxd5 cxd5 12. Bd3 Ne4 13. Nd2 Ndf6 14. Nxe4 dxe4 15. Be2 Qa5+ 16. Qd2 Qg5 17. Bf1 Be6 18. Rb1 Re7 19. Rb5 Nd5 20. h4 Qg6 21. Rc5 Rc8 22. Rxc8+ Bxc8 23. Qa5 Nb6 24. Qc5 Re8 25. Bd2 Be6 26. Qg5 Qf5 27. Qxf5 Bxf5 28. Be2 Rc8 29. Bd1 Nc4 30. a4 Bd7 31. Bb3 b6 32. Ke2 Nb2 33. a5 b5 34. Rc1 Rxc1 35. Bxc1 Nd3 36. Bd2 a6 37. f3 1/2-1/2

[Event "Sherbrooke Perpetuelles 36-40"]
[Site "Sherbrooke CAN"]
[Date "2004.02.27"]
[Round "1"]
[White "Lopez, Jose"]
[Black "Laferriere, Bruno"]
[Result "1/2-1/2"]
[WhiteElo "1755"]
[BlackElo "1418"]
[PlyCount "88"]
[GameId "2160767911192145"]
[EventDate "2004.02.??"]
[EventType "swiss"]
[EventCountry "CAN"]
[SourceTitle "EXT 2005"]
[Source "ChessBase"]
[SourceDate "2004.11.15"]
[SourceVersion "1"]
[SourceVersionDate "2004.11.15"]
[SourceQuality "1"]

1. e4 c6 2. d4 d5 3. exd5 cxd5 4. Bd3 Nc6 5. c3 Nf6 6. Bf4 g6 7. Nf3 Bg7 8. Nbd2 O-O 9. h3 Re8 10. O-O Nd7 11. Re1 f6 12. Qc2 e5 13. dxe5 Ndxe5 14. Bb5 Bf5 15. Qa4 Qb6 16. Nd4 Nxd4 17. Bxe8 Nc2 18. Bxe5 fxe5 19. Bd7 Nxa1 20. Bxf5 gxf5 21. b4 e4 22. Rxa1 Bxc3 23. Rd1 Rd8 24. g4 fxg4 25. Nxe4 g3 26. Nxg3 Qxb4 27. Qxa7 d4 28. Ne2 d3 29. Nxc3 Qxc3 30. Qxb7 d2 31. Qb3+ Qxb3 32. axb3 Rd3 33. Kg2 Kf7 34. f3 Rxb3 35. Rxd2 Kf6 36. Kg3 Rb5 37. h4 Kg6 38. Rd6+ Kh5 39. Rd7 h6 40. Rd4 Rc5 41. Re4 Rd5 42. Re3 Rc5 43. f4 Kg6 44. Re6+ Kf5 1/2-1/2

[Event "Sherbrooke Perpetuelles 36-40"]
[Site "Sherbrooke CAN"]
[Date "2004.02.27"]
[Round "1"]
[White "Morin, Laurent"]
[Black "Benoit, Michael"]
[Result "1-0"]
[WhiteElo "980"]
[BlackElo "1053"]
[PlyCount "97"]
[GameId "2160767911192146"]
[EventDate "2004.02.??"]
[EventType "swiss"]
[EventCountry "CAN"]
[SourceTitle "EXT 2005"]
[Source "ChessBase"]
[SourceDate "2004.11.15"]
[SourceVersion "1"]
[SourceVersionDate "2004.11.15"]
[SourceQuality "1"]

1. e4 e5 2. Nf3 Nc6 3. Bb5 Nge7 4. d3 d6 5. Nc3 Bd7 6. Nd5 Nxd5 7. exd5 Nd4 8. Bxd7+ Qxd7 9. Nxd4 exd4 10. Qf3 O-O-O 11. O-O g6 12. Qf6 Be7 13. Qxd4 b6 14. b3 c5 15. dxc6 Qxc6 16. Qc4 Qc5 17. Bb2 Rhf8 18. Rfe1 Rde8 19. Re2 Kd7 20. Qa4+ b5 21. Qd4 Qc7 22. Rae1 Qa5 23. a4 bxa4 24. Qxa4+ Qxa4 25. bxa4 f5 26. Bg7 Rf7 27. Bh6 g5 28. Bxg5 h5 29. Bxe7 Rexe7 30. Rxe7+ Rxe7 31. Kf1 Rh7 32. Rb1 Ke6 33. Rb5 h4 34. Ke2 Rg7 35. Kf3 d5 36. c4 dxc4 37. dxc4 Rg4 38. Rc5 Rd4 39. g3 h3 40. Rc6+ Ke5 41. Rh6 Rd3+ 42. Ke2 f4 43. Kxd3 Kf5 44. gxf4 Kxf4 45. Rxh3 Kg4 46. Rg3+ Kh4 47. Ke4 Kh5 48. Kf4 Kh4 49. c5 1-0

[Event "Sherbrooke Perpetuelles 36-40"]
[Site "Sherbrooke CAN"]
[Date "2004.02.27"]
[Round "1"]
[White "Viens, Nicolas"]
[Black "Benoit, Andre"]
[Result "0-1"]
[WhiteElo "1368"]
[BlackElo "1320"]
[PlyCount "50"]
[GameId "2160767911192147"]
[EventDate "2004.02.??"]
[EventType "swiss"]
[EventCountry "CAN"]
[SourceTitle "EXT 2005"]
[Source "ChessBase"]
[SourceDate "2004.11.15"]
[SourceVersion "1"]
[SourceVersionDate "2004.11.15"]
[SourceQuality "1"]

1. Nf3 d5 2. d4 Bf5 3. e3 Nf6 4. Nc3 e6 5. Bd2 c5 6. Bb5+ Nbd7 7. dxc5 Bxc5 8. Qe2 O-O 9. O-O-O Rc8 10. Bxd7 Nxd7 11. Nh4 Qxh4 12. g3 Qb4 13. a3 Qa5 14. Nxd5 Bxe3 15. Ne7+ Kh8 16. Nxc8 Rxc8 17. Bxe3 Rxc2+ 18. Qxc2 Bxc2 19. Rxd7 Be4 20. b4 Qxa3+ 21. Kd2 Qxb4+ 22. Kc1 Qc4+ 23. Kd2 Qb4+ 24. Kc1 h6 25. Rhd1 Qc3# 0-1

[Event "Sherbrooke Perpetuelles 36-40"]
[Site "Sherbrooke CAN"]
[Date "2004.03.05"]
[Round "2"]
[White "Benoit, Andre"]
[Black "Lafleur, Sebastien"]
[Result "1-0"]
[WhiteElo "1320"]
[BlackElo "1137"]
[PlyCount "47"]
[GameId "2160767911192148"]
[EventDate "2004.02.??"]
[EventType "swiss"]
[EventCountry "CAN"]
[SourceTitle "EXT 2005"]
[Source "ChessBase"]
[SourceDate "2004.11.15"]
[SourceVersion "1"]
[SourceVersionDate "2004.11.15"]
[SourceQuality "1"]

1. e4 e6 2. d4 d5 3. e5 c5 4. Nf3 cxd4 5. Nxd4 Bc5 6. Be3 Qb6 7. Bb5+ Bd7 8. Nc3 Bxb5 9. Ncxb5 a6 10. Nxe6 fxe6 11. Nd6+ Kd7 12. Nc4 Qc7 13. O-O b5 14. Bxc5 Qxc5 15. Nd6 Nh6 16. Rc1 Nc6 17. c4 Nxe5 18. Ne4 Qb4 19. Re1 Nxc4 20. b3 Ne5 21. Nc5+ Ke7 22. Nxe6 Kf7 23. Qxd5 Kg8 24. Qxa8+ 1-0

[Event "Sherbrooke Perpetuelles 36-40"]
[Site "Sherbrooke CAN"]
[Date "2004.03.05"]
[Round "2"]
[White "Courteau, Bernard"]
[Black "Saziouk, Alexandre"]
[Result "1/2-1/2"]
[WhiteElo "1619"]
[BlackElo "1790"]
[PlyCount "89"]
[GameId "2160767911192149"]
[EventDate "2004.02.??"]
[EventType "swiss"]
[EventCountry "CAN"]
[SourceTitle "EXT 2005"]
[Source "ChessBase"]
[SourceDate "2004.11.15"]
[SourceVersion "1"]
[SourceVersionDate "2004.11.15"]
[SourceQuality "1"]

1. e4 c5 2. Nf3 Nf6 3. e5 Nd5 4. c4 Nb6 5. d4 cxd4 6. Nxd4 Nc6 7. Nxc6 dxc6 8. Qxd8+ Kxd8 9. Bd2 Bf5 10. Be2 e6 11. O-O Bc5 12. Rd1 Ke7 13. Nc3 a5 14. b3 Rhd8 15. Bg5+ f6 16. exf6+ gxf6 17. Rxd8 Rxd8 18. Bc1 Nd7 19. a4 Ne5 20. Ba3 Bxa3 21. Rxa3 Rd2 22. Ra2 Rd4 23. Kf1 Bd3 24. Rd2 Bxe2+ 25. Kxe2 Rxd2+ 26. Kxd2 f5 27. h3 Kd6 28. Ne2 Ng6 29. g3 e5 30. f4 h5 31. Ke3 h4 32. g4 fxg4 33. hxg4 h3 34. f5 Nh4 35. Ng3 Ke7 36. g5 Kf7 37. Ke4 h2 38. Kxe5 Nf3+ 39. Kf4 Nd2 40. g6+ Kg7 41. Nh5+ Kg8 42. Ng3 Kg7 43. Ke5 Nxb3 44. Nh5+ Kg8 45. Ng3 1/2-1/2

[Event "Sherbrooke Perpetuelles 36-40"]
[Site "Sherbrooke CAN"]
[Date "2004.03.05"]
[Round "2"]
[White "Duclos, Alain"]
[Black "Lopez, Jose"]
[Result "0-1"]
[WhiteElo "1875"]
[BlackElo "1755"]
[PlyCount "50"]
[GameId "2160767911192150"]
[EventDate "2004.02.??"]
[EventType "swiss"]
[EventCountry "CAN"]
[SourceTitle "EXT 2005"]
[Source "ChessBase"]
[SourceDate "2004.11.15"]
[SourceVersion "1"]
[SourceVersionDate "2004.11.15"]
[SourceQuality "1"]

1. e4 c5 2. Nf3 d6 3. d4 cxd4 4. Nxd4 Nf6 5. Nc3 a6 6. Be3 e5 7. Nb3 Be6 8. f3 Be7 9. Qd2 Nbd7 10. O-O-O b5 11. g4 Nb6 12. Qf2 Nc4 13. Bxc4 Bxc4 14. g5 Nd7 15. h4 Qc7 16. Kb1 a5 17. Nd5 Bxd5 18. Rxd5 a4 19. Nc1 Nc5 20. Bxc5 dxc5 21. Nd3 O-O 22. Nxe5 f6 23. Rd7 Qxe5 24. f4 Qe6 25. Rb7 Qxe4 0-1

[Event "Sherbrooke Perpetuelles 36-40"]
[Site "Sherbrooke CAN"]
[Date "2004.03.05"]
[Round "2"]
[White "Mathieu, Jean-Philippe"]
[Black "Jolin, Fernand"]
[Result "1-0"]
[WhiteElo "1437"]
[BlackElo "1303"]
[PlyCount "53"]
[GameId "2160767911192155"]
[EventDate "2004.02.??"]
[EventType "swiss"]
[EventCountry "CAN"]
[SourceTitle "EXT 2005"]
[Source "ChessBase"]
[SourceDate "2004.11.15"]
[SourceVersion "1"]
[SourceVersionDate "2004.11.15"]
[SourceQuality "1"]

1. d4 Nf6 2. c4 d5 3. Nc3 dxc4 4. e4 g6 5. Bxc4 Bg7 6. Be3 O-O 7. f3 e6 8. Nge2 c6 9. Qd2 Nbd7 10. O-O-O b5 11. Bb3 a5 12. h4 h5 13. Nf4 Nb6 14. e5 Nfd5 15. Ncxd5 cxd5 16. g4 hxg4 17. h5 Re8 18. h6 Bf8 19. a3 a4 20. Qd3 Kh7 21. Bc2 Qg5 22. Nh5 Qf5 23. Nf6+ Kh8 24. Qxb5 Qxf3 25. Qxe8 Qxe3+ 26. Kb1 Bd7 27. Qxf7 1-0

[Event "Sherbrooke Perpetuelles 36-40"]
[Site "Sherbrooke CAN"]
[Date "2004.03.05"]
[Round "2"]
[White "Ouellet-Lahaie, Didier"]
[Black "Lemelin, Marc"]
[Result "1-0"]
[WhiteElo "1499"]
[BlackElo "1639"]
[PlyCount "83"]
[GameId "2160767911192157"]
[EventDate "2004.02.??"]
[EventType "swiss"]
[EventCountry "CAN"]
[SourceTitle "EXT 2005"]
[Source "ChessBase"]
[SourceDate "2004.11.15"]
[SourceVersion "1"]
[SourceVersionDate "2004.11.15"]
[SourceQuality "1"]

1. e4 e6 2. d4 d5 3. Nc3 Nf6 4. e5 Nfd7 5. f4 c5 6. Nf3 Nc6 7. Be3 cxd4 8. Nxd4 Qb6 9. Na4 Qa5+ 10. c3 Nxd4 11. Bxd4 b5 12. b4 Qxa4 13. Qd2 Bb7 14. Bd3 g6 15. O-O Bg7 16. Qe2 Bc6 17. h4 Rb8 18. g4 Kd8 19. Bc2 Qa6 20. a4 Qb7 21. Rfb1 a6 22. axb5 Bxb5 23. Qf2 Qc7 24. Ba4 f5 25. Bxb5 axb5 26. Ra6 Ke7 27. Rba1 Qb7 28. Ra7 Qc8 29. gxf5 gxf5 30. h5 Rg8 31. Kh1 Ke8 32. R1a6 Nf8 33. Bc5 Rb7 34. Qh4 Qd7 35. Rxb7 Qxb7 36. Ra8+ Kf7 37. Ra7 Qxa7 38. Bxa7 Nd7 39. h6 Bf8 40. Qd8 Nxe5 41. fxe5 Bxh6 42. Qf6+ 1-0

[Event "Sherbrooke Perpetuelles 36-40"]
[Site "Sherbrooke CAN"]
[Date "2004.03.12"]
[Round "3"]
[White "Benoit, Andre"]
[Black "Laferriere, Bruno"]
[Result "1/2-1/2"]
[WhiteElo "1320"]
[BlackElo "1418"]
[PlyCount "116"]
[GameId "2160767911192158"]
[EventDate "2004.02.??"]
[EventType "swiss"]
[EventCountry "CAN"]
[SourceTitle "EXT 2005"]
[Source "ChessBase"]
[SourceDate "2004.11.15"]
[SourceVersion "1"]
[SourceVersionDate "2004.11.15"]
[SourceQuality "1"]

1. e4 c5 2. Bc4 Nc6 3. Nf3 e6 4. Nc3 Nge7 5. d3 a6 6. a4 d5 7. exd5 exd5 8. Bb3 Bg4 9. h3 Bh5 10. Bg5 f6 11. Bf4 Nd4 12. g4 Nxb3 13. cxb3 Bf7 14. g5 Ng6 15. Qe2+ Be7 16. gxf6 Nxf4 17. fxe7 Qxe7 18. Qxe7+ Kxe7 19. O-O-O d4 20. Rhe1+ Kd8 21. Re4 dxc3 22. Rxf4 Bxb3 23. Rg1 g6 24. a5 Kc7 25. bxc3 Rhf8 26. Rgg4 Be6 27. Rh4 Rxf4 28. Rxf4 Bf5 29. Ne5 Rd8 30. d4 cxd4 31. cxd4 Rd5 32. Nc4 Kd8 33. h4 Ke7 34. Kd2 h6 35. Kc3 g5 36. hxg5 hxg5 37. Rf3 Kf6 38. Kb4 Rxd4 39. Kc5 Rf4 40. Rxf4 gxf4 41. Nd6 Bd3 42. Nxb7 f3 43. Kb6 Kg5 44. Nc5 Be2 45. Nxa6 Kh4 46. Nc7 Kh3 47. Nb5 Bd3 48. a6 Kg2 49. a7 Be4 50. Nd6 Ba8 51. Kc7 Kxf2 52. Kb8 Bd5 53. Nb7 Kg1 54. a8=Q f2 55. Qa7 Kg2 56. Qd4 f1=Q 57. Qxd5+ Qf3 58. Qxf3+ Kxf3 1/2-1/2

[Event "Sherbrooke Perpetuelles 36-40"]
[Site "Sherbrooke CAN"]
[Date "2004.03.12"]
[Round "3"]
[White "Duclos, Alain"]
[Black "Courteau, Bernard"]
[Result "1-0"]
[WhiteElo "1875"]
[BlackElo "1619"]
[PlyCount "139"]
[GameId "2160767911192160"]
[EventDate "2004.02.??"]
[EventType "swiss"]
[EventCountry "CAN"]
[SourceTitle "EXT 2005"]
[Source "ChessBase"]
[SourceDate "2004.11.15"]
[SourceVersion "1"]
[SourceVersionDate "2004.11.15"]
[SourceQuality "1"]

1. e4 e5 2. Nf3 Nc6 3. Bb5 a6 4. Ba4 Nf6 5. O-O b5 6. Bb3 Be7 7. Re1 O-O 8. c3 d6 9. h3 Na5 10. Bc2 c5 11. d4 Nc6 12. Nbd2 cxd4 13. cxd4 Bb7 14. Nf1 Rc8 15. Bb1 Re8 16. Ng3 Bf8 17. d5 Nb8 18. Nf5 Nbd7 19. b3 a5 20. Bb2 g6 21. Ng3 Nc5 22. Bd3 Ba6 23. Qe2 Qb6 24. Rac1 Rc7 25. Qe3 Nfd7 26. Bb1 f6 27. Nh2 Bg7 28. Qf3 Rf8 29. Qg4 Rf7 30. h4 Nf8 31. h5 b4 32. Re3 Bh6 33. Rce1 Bxe3 34. Rxe3 Bc8 35. Qe2 a4 36. Nf3 a3 37. Nd2 axb2 38. Nc4 Qa6 39. Qxb2 Na4 40. Qd2 Nc3 41. Re1 Nxb1 42. Rxb1 Rb7 43. Rb2 Bd7 44. Qh6 Bb5 45. Ne3 Rbc7 46. Kh2 Qc8 47. f4 Bd7 48. f5 g5 49. Ng4 Qd8 50. Nf1 Be8 51. Nd2 Nd7 52. Nc4 Qe7 53. Rd2 Rg7 54. Re2 Qf8 55. Rd2 Qf7 56. Nxd6 Qxh5+ 57. Qxh5 Bxh5 58. Ne3 Rc3 59. Nec4 Nc5 60. Na5 Nxe4 61. Nxe4 Re3 62. Nxf6+ Kf7 63. Nxh5 Kg8 64. Nxg7 Kxg7 65. d6 Re4 66. d7 Rh4+ 67. Kg3 h5 68. d8=Q Rg4+ 69. Kf2 Rf4+ 70. Kg1 1-0

[Event "Sherbrooke Perpetuelles 36-40"]
[Site "Sherbrooke CAN"]
[Date "2004.03.12"]
[Round "3"]
[White "Pilotte, Benoit"]
[Black "Ouellet-Lahaie, Didier"]
[Result "1/2-1/2"]
[WhiteElo "1755"]
[BlackElo "1499"]
[PlyCount "113"]
[GameId "2160767911192162"]
[EventDate "2004.02.??"]
[EventType "swiss"]
[EventCountry "CAN"]
[SourceTitle "EXT 2005"]
[Source "ChessBase"]
[SourceDate "2004.11.15"]
[SourceVersion "1"]
[SourceVersionDate "2004.11.15"]
[SourceQuality "1"]

1. e4 e5 2. Nc3 Nf6 3. f4 d5 4. fxe5 Nxe4 5. Nf3 Be7 6. g3 O-O 7. d3 Nc5 8. Bg2 Ne6 9. O-O c5 10. Nh4 Bxh4 11. gxh4 d4 12. Nd5 Nd7 13. Qh5 f6 14. Be4 h6 15. Qg6 Nxe5 16. Qh7+ Kf7 17. Nxf6 Ke7 18. Nd5+ Kd6 19. Rxf8 Qxf8 20. Bg2 Nf3+ 21. Kh1 Nxh4 22. Qe4 Nxg2 23. Kxg2 Bd7 24. c4 dxc3 25. bxc3 Bc6 26. c4 Re8 27. Qg6 Re7 28. Qg3+ Kd7 29. Ba3 b6 30. Kg1 Rf7 31. Re1 Qd6 32. Qg6 Ng5 33. Qxd6+ Kxd6 34. Kg2 Bxd5+ 35. cxd5 Kxd5 36. Re8 Ne6 37. Bb2 Nf4+ 38. Kg3 Nxd3 39. Rd8+ Kc4 40. Ba1 Rf5 41. Rd7 g6 42. Rxa7 b5 43. Bg7 h5 44. Ra3 Ne5 45. Re3 Kd4 46. Re1 b4 47. a4 bxa3 48. Ra1 Ke4 49. Kg2 c4 50. Rxa3 Nd3 51. Ra6 c3 52. Bxc3 Nf4+ 53. Kh1 Rc5 54. Ra4+ Kf5 55. Bd2 g5 56. h4 Ne6 57. hxg5 1/2-1/2

[Event "Sherbrooke Perpetuelles 36-40"]
[Site "Sherbrooke CAN"]
[Date "2004.03.12"]
[Round "3"]
[White "Saziouk, Alexandre"]
[Black "Lopez, Jose"]
[Result "1-0"]
[WhiteElo "1790"]
[BlackElo "1755"]
[PlyCount "99"]
[GameId "2160767911192163"]
[EventDate "2004.02.??"]
[EventType "swiss"]
[EventCountry "CAN"]
[SourceTitle "EXT 2005"]
[Source "ChessBase"]
[SourceDate "2004.11.15"]
[SourceVersion "1"]
[SourceVersionDate "2004.11.15"]
[SourceQuality "1"]

1. d4 d5 2. c4 c6 3. Nc3 e6 4. e3 Nf6 5. Bd3 Nbd7 6. Nf3 dxc4 7. Bxc4 Be7 8. O-O b5 9. Bb3 a6 10. a4 b4 11. Ne2 Bb7 12. Nf4 Nd5 13. e4 Nxf4 14. Bxf4 Nf6 15. Qe2 O-O 16. Rad1 Re8 17. Ne5 Qc8 18. Ng4 c5 19. Nxf6+ Bxf6 20. e5 Be7 21. d5 Bxd5 22. Bxd5 exd5 23. Rxd5 Qc6 24. Rfd1 Rad8 25. Rxd8 Rxd8 26. Rxd8+ Bxd8 27. Qd3 Be7 28. b3 Qe6 29. Bg3 Qg6 30. Qxg6 hxg6 31. Bf4 Kf8 32. Bc1 Ke8 33. Kf1 Kd7 34. Ke2 Kc6 35. Kd3 Kd5 36. f4 Bd8 37. Bb2 Bc7 38. g4 Bd8 39. g5 Bc7 40. h4 Bd8 41. Ba1 Bc7 42. Bb2 Bd8 43. e6 fxe6 44. Bxg7 Bc7 45. Ke3 c4 46. bxc4+ Kxc4 47. h5 gxh5 48. Bf6 b3 49. g6 Bd8 50. Bb2 1-0

[Event "Sherbrooke Perpetuelles 36-40"]
[Site "Sherbrooke CAN"]
[Date "2004.03.12"]
[Round "3"]
[White "Viens, Nicolas"]
[Black "Jolin, Fernand"]
[Result "0-1"]
[WhiteElo "1368"]
[BlackElo "1303"]
[PlyCount "76"]
[GameId "2160767911192164"]
[EventDate "2004.02.??"]
[EventType "swiss"]
[EventCountry "CAN"]
[SourceTitle "EXT 2005"]
[Source "ChessBase"]
[SourceDate "2004.11.15"]
[SourceVersion "1"]
[SourceVersionDate "2004.11.15"]
[SourceQuality "1"]

1. e4 e5 2. Nf3 Nc6 3. d4 exd4 4. Nxd4 Nxd4 5. Qxd4 Qf6 6. e5 Qb6 7. Qxb6 axb6 8. Be3 g6 9. e6 dxe6 10. Bd4 f6 11. Nc3 Bd7 12. O-O-O Bh6+ 13. Kb1 c5 14. Be3 Bxe3 15. fxe3 Ne7 16. Ne4 Nd5 17. Be2 Ke7 18. Rd2 f5 19. Ng5 Nxe3 20. g3 h6 21. Nf3 Bc6 22. Re1 Rhd8 23. Rxd8 Rxd8 24. Ne5 Kf6 25. Nxc6 bxc6 26. Bf3 Nd5 27. c4 Ne7 28. a4 e5 29. Rf1 e4 30. Bxe4 Rd4 31. Bc2 Rxc4 32. h3 Nd5 33. Re1 Nb4 34. Bb3 Re4 35. Rf1 Re3 36. Rg1 Rxb3 37. Re1 Rxg3 38. Kc1 Nd3+ 0-1